Braids, links, and mapping class groups
Αποθηκεύτηκε σε:
| Κύριος συγγραφέας: | |
|---|---|
| Μορφή: | Βιβλίο |
| Γλώσσα: | English |
| Δημοσίευση: |
Princeton, N.J. :
Princeton University Press,
1974
|
| Σειρά: | Annals of mathematics studies ;
; 82 |
| Θέματα: | |
| Ετικέτες: |
Προσθήκη ετικέτας
Δεν υπάρχουν, Καταχωρήστε ετικέτα πρώτοι!
|
MARC
| LEADER | 00000cam a2200000 i 4500 | ||
|---|---|---|---|
| 001 | 1/41099 | ||
| 008 | 941103s1974 eng d | ||
| 020 | |a 0691081492 | ||
| 035 | |l 10041417 | ||
| 035 | |a 1993 |c ΤΣΑΠΟΓΑΣ | ||
| 040 | |a GR-MY-UA |b gre |e aacr | ||
| 041 | 0 | |a eng | |
| 082 | 0 | |a 514.224 | |
| 100 | 1 | |a Birman, Joan S. |d 1927- | |
| 245 | 1 | 0 | |a Braids, links, and mapping class groups / |c by Joan S. Birman |
| 260 | |a Princeton, N.J. : |b Princeton University Press, |c 1974 | ||
| 300 | |a ix, 228 p.; |b ill.; |c 24 cm | ||
| 490 | 1 | |a Annals of mathematics studies |v ; 82 | |
| 500 | |a Includes index | ||
| 504 | |a Bibliography: p. 221-226 | ||
| 650 | 0 | 0 | |a Braid theory. |
| 650 | 0 | 0 | |a Knot theory. |
| 650 | 0 | 0 | |a Representations of groups. |
| 830 | 0 | |a Annals of mathematics studies ; |v ; 82 | |
| 852 | |a INST |b SAMOS |e 19941103 |h 514.224 BIR |p 005300002859 |q 005300002859 |t BK |y 0 | ||
| 852 | |a INST |b SAMOS |e 19941103 |h 514.224 BIR |p 005300003604 |q 005300003604 |t BK |y 0 | ||
| 909 | |a Σ |b 025330 | ||
| 909 | |a Σ |b 030873 | ||